00245nam a2200097Ia 4500008004100000100002300041245003600064260002300100300000800123650001600131191201s2005 xx 000 0 und d aMOTTERSHEAD, Allen 0aElectronic Devices and Circuits aN.DelhibPHIc2005 a641 aB.Tech(ECE)